Painting
| Main Author: | |
|---|---|
| Format: | Book |
| Published: |
London :
Franklin Watts ,
1991
|
| Series: | Hands on arts and crafts
|
| Subjects: |
MARC
| LEADER | 00000cam a2200000 7i4500 | ||
|---|---|---|---|
| 001 | 0000005549 | ||
| 002 | 000006000 | ||
| 005 | 20000330.0 | ||
| 020 | |a 0749604999 | ||
| 090 | 0 | 0 | |a J 745.5 |b HAN |
| 100 | 1 | |a Hodge, Anthony | |
| 245 | 1 | 0 | |a Painting |c Anthony Hodge |
| 260 | |a London : |b Franklin Watts , |c 1991 | ||
| 300 | |a 32p ; |c 29cm. | ||
| 490 | 0 | |a Hands on arts and crafts | |
| 650 | 0 | 0 | |a Painting |x Juvenile literature |
| 999 | |a 027094 |b BUKU |c PINJAMAN |e PERPUSTAKAAN KOMUNITI PETALING JAYA | ||